[Event "FICGS W-ch st1 g05 email"]
[Site "FICGS email"]
[Date "2023.07.04"]
[Round "1"]
[White "Teverovski, Bogoljub"]
[Black "Kehayov, Yulian"]
[Result "1/2-1/2"]
[WhiteElo "2065"]
[BlackElo "1823"]
[PlyCount "55"]
[EventDate "2023.??.??"]
[EventType "tourn (corr)"]
[EventRounds "6"]
[SourceTitle "Corr 2024"]
[Source "ChessBase"]
[SourceDate "2023.10.19"]
[SourceVersion "1"]
[SourceVersionDate "2023.10.19"]
[SourceQuality "1"]

1. Nf3 d5 2. b3 Bf5 3. Bb2 Nf6 4. d3 c5 5. Nbd2 Nc6 6. e3 e6 7. Be2 Bd6 8. Nh4 0-0 9. 0-0 Re8 10. Nxf5 exf5 11. Bf3 Rc8 12. g3 d4 13. exd4 cxd4 14. a3 a5 15. Nc4 b5 16. Nd2 Bf8 17. a4 Na7 18. Bb7 Rb8 19. Bg2 Bb4 20. axb5 Nxb5 21. Bc6 Re7 22. Bxb5 Rxb5 23. Nf3 Rd7 24. Bc1 Bc3 25. Ra4 Rb4 26. Ra3 Nd5 27. Ne5 Rd6 28. Nc4 1/2-1/2

[Event "FICGS theme 0256 email"]
[Site "FICGS email"]
[Date "2023.03.25"]
[Round "1"]
[White "Teverovski, Bogoljub"]
[Black "Cirulis, Ilmars"]
[Result "0-1"]
[WhiteElo "2082"]
[BlackElo "2248"]
[PlyCount "54"]
[EventDate "2023.??.??"]
[EventType "swiss (corr)"]
[EventRounds "1"]
[SourceTitle "Corr 2024"]
[Source "ChessBase"]
[SourceDate "2023.10.19"]
[SourceVersion "1"]
[SourceVersionDate "2023.10.19"]
[SourceQuality "1"]

1. Nf3 d5 2. b4 Nf6 3. e3 Bf5 4. Bb2 e6 5. b5 Bd6 6. d3 0-0 7. Nbd2 c6 8. a4 Qe7 9. Ne5 cxb5 10. axb5 a5 11. bxa6 Nxa6 12. Be2 Qc7 13. f4 Nb4 14. c4 b5 15. 0-0 bxc4 16. dxc4 Nc2 17. Rxa8 Rxa8 18. Bd4 Bc5 19. Nb3 Bxd4 20. Nxd4 Nxe3 21. Qc1 Nxf1 22. Kxf1 Qc5 23. Nxf5 exf5 24. Bf3 Ra2 25. Nd3 Qxc4 26. Qxc4 dxc4 27. Ne1 Ng4 0-1

[Event "FICGS no engines 123 email"]
[Site "FICGS email"]
[Date "2022.09.24"]
[Round "1"]
[White "Kruse, Herbert"]
[Black "Teverovski, Bogoljub"]
[Result "1-0"]
[WhiteElo "2499"]
[BlackElo "2082"]
[PlyCount "73"]
[EventDate "2022.??.??"]
[EventType "swiss (corr)"]
[EventRounds "1"]
[SourceTitle "Corr 2024"]
[Source "ChessBase"]
[SourceDate "2023.10.19"]
[SourceVersion "1"]
[SourceVersionDate "2023.10.19"]
[SourceQuality "1"]

1. d4 d5 2. c4 e6 3. Nc3 c5 4. cxd5 exd5 5. Nf3 Nc6 6. g3 Nf6 7. Bg2 Be7 8. 0-0 0-0 9. Bg5 Be6 10. dxc5 Bxc5 11. Rc1 Bb6 12. Na4 h6 13. Bxf6 Qxf6 14. Nxb6 axb6 15. Qb3 Ra6 16. a3 Na5 17. Qb4 Nc4 18. b3 Nxa3 19. Nd4 Re8 20. Rc7 Bc8 21. Rfc1 Ra8 22. Bxd5 Be6 23. Nxe6 fxe6 24. Bxb7 Rf8 25. Bxa8 Qxf2+ 26. Kh1 Rxa8 27. Rc8+ Rxc8 28. Rxc8+ Kh7 29. Qe4+ Qf5 30. Qxf5+ exf5 31. Rc6 b5 32. Kg2 b4 33. Rb6 Nc2 34. Kf2 h5 35. h4 g6 36. e3 Kg7 37. Ke2 1-0

[Event "FICGS theme 0253 email"]
[Site "FICGS email"]
[Date "2022.09.24"]
[Round "1"]
[White "Teverovski, Bogoljub"]
[Black "Tedoldi, Guido"]
[Result "1-0"]
[WhiteElo "2082"]
[BlackElo "1668"]
[PlyCount "33"]
[EventDate "2022.??.??"]
[EventType "swiss (corr)"]
[EventRounds "1"]
[SourceTitle "Corr 2024"]
[Source "ChessBase"]
[SourceDate "2023.10.19"]
[SourceVersion "1"]
[SourceVersionDate "2023.10.19"]
[SourceQuality "1"]

1. d4 d5 2. Nf3 Nf6 3. c4 e6 4. Nc3 c6 5. Qd3 dxc4 6. Qxc4 b5 7. Qd3 a6 8. g4 Nxg4 9. Bf4 Be7 10. 0-0-0 Nxf2 11. Qe3 Nxh1 12. Bg2 Nd7 13. Bxh1 h6 14. Ne4 Nb6 15. Qg1 f5 16. Qxg7 Rf8 17. Qg6+ 1-0

[Event "FICGS W-ch st1 g03 email"]
[Site "FICGS email"]
[Date "2018.11.01"]
[Round "1"]
[White "Cirulis, Ilmars"]
[Black "Teverovski, Bogoljub"]
[Result "1/2-1/2"]
[WhiteElo "2122"]
[BlackElo "2095"]
[PlyCount "53"]
[EventDate "2018.??.??"]
[EventType "tourn (corr)"]
[EventRounds "8"]
[SourceTitle "Corr 2022"]
[Source "ChessBase"]
[SourceDate "2021.10.24"]
[SourceVersion "1"]
[SourceVersionDate "2021.10.24"]
[SourceQuality "1"]

1. c4 e5 2. Nc3 Bb4 3. Nd5 Be7 4. Nxe7 Qxe7 5. g3 Nf6 6. Bg2 0-0 7. d3 h6 8. e4 b5 9. b3 Nc6 10. Ne2 bxc4 11. dxc4 a5 12. Nc3 Nd4 13. 0-0 d6 14. Nd5 Nxd5 15. cxd5 a4 16. Be3 c5 17. dxc6 Nxc6 18. Rc1 Bd7 19. bxa4 Rfb8 20. f4 Rb4 21. f5 Qf6 22. Qh5 Nd4 23. Kh1 Rbxa4 24. g4 Bb5 25. g5 hxg5 26. Bxg5 Bxf1 27. Bxf6 1/2-1/2

[Event "FICGS W-ch st1 g03 email"]
[Site "FICGS email"]
[Date "2018.11.01"]
[Round "1"]
[White "Teverovski, Bogoljub"]
[Black "Pech, Stepan"]
[Result "1/2-1/2"]
[WhiteElo "2095"]
[BlackElo "1680"]
[PlyCount "139"]
[EventDate "2018.??.??"]
[EventType "tourn (corr)"]
[EventRounds "8"]
[SourceTitle "Corr 2022"]
[Source "ChessBase"]
[SourceDate "2021.10.24"]
[SourceVersion "1"]
[SourceVersionDate "2021.10.24"]
[SourceQuality "1"]

1. c4 e5 2. a3 Nf6 3. Qc2 c6 4. d3 d5 5. Nf3 Bd6 6. e4 d4 7. Nbd2 c5 8. b4 Nc6 9. b5 Ne7 10. a4 a6 11. g3 0-0 12. Bg2 h6 13. 0-0 Bd7 14. Ba3 b6 15. Nh4 Ra7 16. Kh1 Qc7 17. Bb2 a5 18. Rg1 g5 19. Nhf3 Ng6 20. Bc1 Kg7 21. Ne1 Rh8 22. Nb3 Be7 23. h3 Qc8 24. Kh2 h5 25. Rf1 Ne8 26. Bb2 h4 27. g4 f6 28. Bc1 Nc7 29. Bd2 Ne6 30. Nc1 Be8 31. Qd1 Qd7 32. Nf3 Ngf4 33. Rh1 Bf7 34. Ng1 Re8 35. Qb3 Bf8 36. Bf1 Ng6 37. Kg2 Nh8 38. Rh2 Kg8 39. Kh1 Bg7 40. Qd1 Kf8 41. Nb3 Ng6 42. Bc1 Ke7 43. Qe1 Kd8 44. f3 Kc7 45. Rb2 Kc8 46. Bd2 Qd8 47. Ne2 Ra8 48. Nec1 Re7 49. Kh2 Ngf4 50. Be2 Rea7 51. Qf2 Rb7 52. Rab1 Kd7 53. Bd1 Ng6 54. Bc2 Ke8 55. Qe1 Rba7 56. Ra1 Bf8 57. Qd1 Qd7 58. Ne2 Bd6 59. Kh1 Kf8 60. Qe1 Kg7 61. Ng1 Qc8 62. Rd1 Ngf4 63. Bb1 Be8 64. Kh2 Ng6 65. Ne2 Kg8 66. Bc2 Bf7 67. Rdb1 Qd7 68. Nec1 Be8 69. Qf2 Kg7 70. Ra2 1/2-1/2

[Event "FICGS W-ch st2 g03 email"]
[Site "FICGS email"]
[Date "2018.02.01"]
[Round "1"]
[White "Teverovski, Bogoljub"]
[Black "Ortiz, Clodomiro"]
[Result "1/2-1/2"]
[WhiteElo "2053"]
[BlackElo "2225"]
[PlyCount "73"]
[EventDate "2018.??.??"]
[EventType "tourn (corr)"]
[EventRounds "8"]
[SourceTitle "Corr 2022"]
[Source "ChessBase"]
[SourceDate "2021.10.24"]
[SourceVersion "1"]
[SourceVersionDate "2021.10.24"]
[SourceQuality "1"]

1. e4 e5 2. Nf3 Nc6 3. Bb5 Nf6 4. Nc3 Bc5 5. Nxe5 Nxe5 6. d4 Bd6 7. f4 Neg4 8. e5 Bb4 9. 0-0 0-0 10. Be2 d6 11. exf6 Nxf6 12. f5 d5 13. Bg5 Be7 14. Bd3 Bd7 15. Qf3 c5 16. dxc5 Bxc5+ 17. Kh1 Bc6 18. Rae1 Be7 19. Qe3 Re8 20. Qd4 h6 21. Bh4 a6 22. b4 Qd6 23. a3 Rac8 24. Re2 h5 25. Bg3 Qd8 26. h3 Ne4 27. Nxe4 dxe4 28. Qxd8 Bxd8 29. Rfe1 Bc7 30. Bxc7 exd3 31. Rxe8+ Bxe8 32. cxd3 Bb5 33. Rc1 Bxd3 34. g4 Be2 35. Bf4 Rxc1+ 36. Bxc1 hxg4 37. Kg2 1/2-1/2

[Event "FICGS W-ch st2 g03 email"]
[Site "FICGS email"]
[Date "2018.02.01"]
[Round "1"]
[White "Yarkov, Evgeny"]
[Black "Teverovski, Bogoljub"]
[Result "1/2-1/2"]
[WhiteElo "1891"]
[BlackElo "2053"]
[PlyCount "50"]
[EventDate "2018.??.??"]
[EventType "tourn (corr)"]
[EventRounds "8"]
[SourceTitle "Corr 2022"]
[Source "ChessBase"]
[SourceDate "2021.10.24"]
[SourceVersion "1"]
[SourceVersionDate "2021.10.24"]
[SourceQuality "1"]

1. e4 c5 2. Nf3 e6 3. d4 cxd4 4. Nxd4 Nc6 5. Nc3 Qc7 6. Be3 a6 7. Qf3 Bd6 8. 0-0-0 Be5 9. g3 Nf6 10. Bg2 b5 11. Qe2 Nxd4 12. Bxd4 Bxd4 13. Rxd4 e5 14. Nd5 Nxd5 15. Rxd5 Bb7 16. Rd3 0-0 17. Qd2 Bc6 18. f3 f5 19. exf5 Rxf5 20. Bh3 Rf7 21. Rd1 Rc8 22. Bg4 a5 23. a3 e4 24. fxe4 Bxe4 25. Rc3 Qb7 1/2-1/2

[Event "WC-2017-S-00006"]
[Site "LSS email"]
[Date "2017.05.17"]
[Round "?"]
[White "Bulgarini Torres, Marco"]
[Black "Teverovski, Bogoljub"]
[Result "1-0"]
[WhiteElo "2192"]
[BlackElo "2202"]
[PlyCount "117"]
[EventDate "2017.06.01"]
[EventType "tourn (corr)"]
[EventRounds "12"]
[EventCountry "GER"]
[SourceTitle "Corr 2024"]
[Source "ChessBase"]
[SourceDate "2023.10.19"]
[SourceVersion "1"]
[SourceVersionDate "2023.10.19"]
[SourceQuality "1"]

1. e4 e5 2. Nf3 Nc6 3. Bc4 Bc5 4. Nc3 Nf6 5. Nd5 d6 6. c3 Nxe4 7. d4 exd4 8. 0-0 0-0 9. cxd4 Bb6 10. Re1 Bf5 11. b4 Bg6 12. h4 Re8 13. Bb2 h6 14. Rc1 Nf6 15. Nxb6 axb6 16. d5 Nxb4 17. Bxf6 gxf6 18. Qd2 Rxe1+ 19. Rxe1 Na6 20. Qxh6 Qf8 21. Qe3 Nc5 22. Nd4 Qg7 23. Qf4 f5 24. h5 Bh7 25. f3 Qf6 26. Nb5 Rc8 27. g3 Kg7 28. Kg2 Kh8 29. Re2 Kg7 30. Kh3 Kf8 31. Qh4 Qxh4+ 32. Kxh4 f6 33. f4 Bg8 34. Nd4 Bh7 35. Bb5 Kf7 36. Re3 Ra8 37. a3 Rh8 38. Be2 Ne4 39. Bd3 Re8 40. Bc2 Re7 41. Ne6 c6 42. Nd4 c5 43. Ne6 Nf2 44. a4 b5 45. axb5 Re8 46. Rf3 Ng4 47. Ra3 Kg8 48. Bd1 Rb8 49. b6 Nf2 50. Bf3 Kf7 51. Nc7 Bg8 52. Re3 Rd8 53. Re6 c4 54. Nb5 Ne4 55. Bxe4 fxe4 56. Rxe4 Kf8 57. Rxc4 Bxd5 58. Rc7 f5 59. Nd4 1-0

[Event "WC-2017-S-00006"]
[Site "LSS email"]
[Date "2017.05.17"]
[Round "?"]
[White "Dehaybe, Andre"]
[Black "Teverovski, Bogoljub"]
[Result "1/2-1/2"]
[WhiteElo "2192"]
[BlackElo "2202"]
[PlyCount "49"]
[EventDate "2017.06.01"]
[EventType "tourn (corr)"]
[EventRounds "12"]
[EventCountry "GER"]
[SourceTitle "Corr 2024"]
[Source "ChessBase"]
[SourceDate "2023.10.19"]
[SourceVersion "1"]
[SourceVersionDate "2023.10.19"]
[SourceQuality "1"]

1. d4 d5 2. c4 e6 3. Nf3 a6 4. cxd5 exd5 5. Nc3 Nf6 6. Bg5 c6 7. Qc2 Be6 8. e3 Bd6 9. Bd3 Nbd7 10. Bf4 Qb8 11. Bxd6 Qxd6 12. 0-0 0-0 13. h3 c5 14. dxc5 Nxc5 15. Rac1 Rac8 16. Rfd1 Rfd8 17. Ne2 Qb6 18. b3 Qb4 19. Nfd4 Qa3 20. Qb1 Nxd3 21. Qxd3 Bd7 22. Qd2 h6 23. f3 Qd6 24. Nf4 Rxc1 25. Rxc1 1/2-1/2

[Event "WC-2017-S-00006"]
[Site "LSS email"]
[Date "2017.05.17"]
[Round "?"]
[White "Mroczek, Jacek"]
[Black "Teverovski, Bogoljub"]
[Result "1/2-1/2"]
[WhiteElo "2227"]
[BlackElo "2202"]
[PlyCount "33"]
[EventDate "2017.06.01"]
[EventType "tourn (corr)"]
[EventRounds "12"]
[EventCountry "GER"]
[SourceTitle "Corr 2024"]
[Source "ChessBase"]
[SourceDate "2023.10.19"]
[SourceVersion "1"]
[SourceVersionDate "2023.10.19"]
[SourceQuality "1"]

1. d4 d5 2. c4 e6 3. Nc3 a6 4. cxd5 exd5 5. Nf3 Nf6 6. Bg5 c6 7. e3 h6 8. Bh4 Bf5 9. Qb3 b5 10. Ne5 Be7 11. Bd3 Bxd3 12. Nxd3 Nbd7 13. 0-0 0-0 14. Ne2 Qb6 15. Rfc1 Rac8 16. Qd1 c5 17. dxc5 1/2-1/2

[Event "WC-2017-S-00006"]
[Site "LSS email"]
[Date "2017.05.17"]
[Round "?"]
[White "Teverovski, Bogoljub"]
[Black "Kopasov, Evgeny"]
[Result "1/2-1/2"]
[WhiteElo "2202"]
[BlackElo "2190"]
[PlyCount "45"]
[EventDate "2017.06.01"]
[EventType "tourn (corr)"]
[EventRounds "12"]
[EventCountry "GER"]
[SourceTitle "Corr 2024"]
[Source "ChessBase"]
[SourceDate "2023.10.19"]
[SourceVersion "1"]
[SourceVersionDate "2023.10.19"]
[SourceQuality "1"]

1. d4 d5 2. c4 e6 3. Nf3 c6 4. e3 f5 5. Bd3 Nf6 6. 0-0 Bd6 7. b3 Qe7 8. Bb2 0-0 9. Qc1 b6 10. Ba3 c5 11. cxd5 Nxd5 12. dxc5 bxc5 13. Nc3 Nd7 14. Nxd5 exd5 15. Qc2 Bb7 16. Bxf5 Rae8 17. Rad1 g6 18. Bxd7 Qxd7 19. Bxc5 Rc8 20. b4 Rxf3 21. gxf3 Qh3 22. f4 Bxc5 23. bxc5 1/2-1/2

[Event "FICGS W-ch st2 g01 email"]
[Site "FICGS email"]
[Date "2017.02.28"]
[Round "1"]
[White "Fric, Lubos"]
[Black "Teverovski, Bogoljub"]
[Result "0-1"]
[WhiteElo "2267"]
[BlackElo "2081"]
[PlyCount "30"]
[EventDate "2017.??.??"]
[EventType "tourn (corr)"]
[EventRounds "8"]
[SourceTitle "Corr 2022"]
[Source "ChessBase"]
[SourceDate "2021.10.24"]
[SourceVersion "1"]
[SourceVersionDate "2021.10.24"]
[SourceQuality "1"]

1. Nf3 d5 2. g3 c6 3. Bg2 Nf6 4. 0-0 g6 5. d3 Bg7 6. Nbd2 0-0 7. e4 dxe4 8. dxe4 Qc7 9. Qe2 e5 10. Nc4 Re8 11. Rd1 Na6 12. a4 Nc5 13. Ne1 Bg4 14. f3 Be6 15. b3 Bf8 0-1

[Event "FICGS W-ch st2 g01 email"]
[Site "FICGS email"]
[Date "2017.02.28"]
[Round "1"]
[White "Teverovski, Bogoljub"]
[Black "Hamby, Stephen"]
[Result "1/2-1/2"]
[WhiteElo "2081"]
[BlackElo "2212"]
[PlyCount "55"]
[EventDate "2017.??.??"]
[EventType "tourn (corr)"]
[EventRounds "8"]
[SourceTitle "Corr 2022"]
[Source "ChessBase"]
[SourceDate "2021.10.24"]
[SourceVersion "1"]
[SourceVersionDate "2021.10.24"]
[SourceQuality "1"]

1. d4 Nf6 2. c4 e6 3. g3 Bb4+ 4. Bd2 Be7 5. Bg2 d5 6. Nf3 0-0 7. 0-0 c6 8. Qc2 b6 9. Rd1 Nbd7 10. Bf4 Bb7 11. Nc3 dxc4 12. Nd2 Nd5 13. Nxc4 Nxf4 14. gxf4 Qc7 15. e3 Rac8 16. Rac1 Rfd8 17. a3 Nf8 18. f5 c5 19. d5 Ba6 20. Nd2 exf5 21. Qa4 Bd3 22. Nf3 b5 23. Nxb5 Bxb5 24. Qxb5 Qd6 25. Nd2 f4 26. Qd3 fxe3 27. Qxe3 Ng6 28. Nc4 1/2-1/2

[Event "FICGS theme 0002 email"]
[Site "FICGS email"]
[Date "2017.01.12"]
[Round "1"]
[White "Kireev, Sergey Ivanovich"]
[Black "Teverovski, Bogoljub"]
[Result "1/2-1/2"]
[WhiteElo "2294"]
[BlackElo "2081"]
[PlyCount "38"]
[EventDate "2017.??.??"]
[EventType "swiss (corr)"]
[EventRounds "1"]
[SourceTitle "Corr 2022"]
[Source "ChessBase"]
[SourceDate "2021.10.24"]
[SourceVersion "1"]
[SourceVersionDate "2021.10.24"]
[SourceQuality "1"]

1. e4 e5 2. Nf3 Nc6 3. Nc3 Nf6 4. d4 exd4 5. Nd5 Be7 6. Bc4 0-0 7. 0-0 d6 8. Nxd4 Nxd4 9. Qxd4 Nxd5 10. Bxd5 Bf6 11. Qd3 a5 12. a4 Re8 13. c3 c6 14. Ba2 Be6 15. Bb1 g6 16. f4 b5 17. axb5 Qb6+ 18. Rf2 Qxb5 19. f5 Qxd3 1/2-1/2

[Event "FICGS theme 0002 email"]
[Site "FICGS email"]
[Date "2017.01.12"]
[Round "1"]
[White "Teverovski, Bogoljub"]
[Black "Cirulis, Ilmars"]
[Result "1-0"]
[WhiteElo "2081"]
[BlackElo "1923"]
[PlyCount "77"]
[EventDate "2017.??.??"]
[EventType "swiss (corr)"]
[EventRounds "1"]
[SourceTitle "Corr 2022"]
[Source "ChessBase"]
[SourceDate "2021.10.24"]
[SourceVersion "1"]
[SourceVersionDate "2021.10.24"]
[SourceQuality "1"]

1. e4 e5 2. Nf3 Nc6 3. Nc3 Nf6 4. d4 exd4 5. Nd5 Nb4 6. Bc4 Nbxd5 7. exd5 Qe7+ 8. Kf1 Qc5 9. b3 Nxd5 10. Bb2 Nf4 11. Bxd4 Qh5 12. Qd2 Ne6 13. Re1 f6 14. h4 b6 15. Be3 Bb7 16. Nd4 Nxd4 17. Bxd4+ Kd8 18. Be2 Qg6 19. f3 Qh5 20. Bc4 d5 21. Bd3 Bd6 22. Be3 Re8 23. g4 Qf7 24. Kf2 h5 25. Bf4 Bc5+ 26. Kg3 a5 27. Bf5 hxg4 28. Rxe8+ Qxe8 29. Re1 Qf8 30. fxg4 Bb4 31. c3 Bd6 32. h5 b5 33. Kh3 Bxf4 34. Qxf4 Ra6 35. Qd2 Rb6 36. Re2 Rd6 37. Bg6 Bc6 38. Qd4 f5 39. Bxf5 1-0